000 00544 a2200181 4500
999 _c7505
_d7505
010 _aENG-88015
020 _a8176211869
_c295.00
035 _aEN-71548
037 _bDBAD / PUB
082 1 4 _aN
100 1 _aMehra, Mrinalini Patwardhan
245 1 _aBy which we see all colours /
_cby Mrinalini Patwardhan Mehra; edited by Paro Anand
260 _aNew Delhi
_bFull Circle Publishing
_c2007
270 _aJ-40, Jor Bagh lane
_bNew Delhi
_e110 003
300 _a258 p.
_c20 cm (Pbk)
700 _aAnand, Paro
942 _adpl
_cEN
_2ddc
_hN
_mMEH